Zákon o ochrane osobných údajov v informačných systémoch
Úplné znenie zákona NR SR č. 52/1998 Z.z. o ochrane osobných údajov v informačných systémoch s komentárom. Vyhláška Štatistického úradu SR č. 155/1998, ktorou sa ustanovujú podrobnosti o spôsobe, forme a postupe pri registrácii informačného systému obsahujúceho osobné údaje. Prílohy k vyhláške.
Salvato in:
| Autore principale: | |
|---|---|
| Altri autori: | |
| Natura: | Capitolo di libro |
| Lingua: | slovacco |
| Soggetti: | |
| Tags: |
Nessun Tag, puoi essere il primo ad aggiungerne!!
|
MARC
| LEADER | 00000naa a2200000 4500 | ||
|---|---|---|---|
| 001 | r033987 | ||
| 005 | 20230919084215.9 | ||
| 041 | 0 | |a slo | |
| 044 | |a SK | ||
| 245 | 1 | 0 | |a Zákon o ochrane osobných údajov v informačných systémoch |c Juraj Krajčovič, Pavol Husár |
| 520 | |a Úplné znenie zákona NR SR č. 52/1998 Z.z. o ochrane osobných údajov v informačných systémoch s komentárom. Vyhláška Štatistického úradu SR č. 155/1998, ktorou sa ustanovujú podrobnosti o spôsobe, forme a postupe pri registrácii informačného systému obsahujúceho osobné údaje. Prílohy k vyhláške. | ||
| 610 | 2 | 0 | |a ochrana dát |
| 610 | 2 | 0 | |a ochrana osobnosti |
| 610 | 2 | 0 | |a systémy informačné |
| 610 | 2 | 0 | |a dozor štátny |
| 610 | 2 | 0 | |a zákony |
| 610 | 2 | 0 | |a vyhlášky |
| 610 | 2 | 0 | |a komentáre |
| 610 | 2 | 0 | |a Slovensko |
| 610 | 2 | 0 | |a ŠÚ SR Bratislava |
| 610 | 2 | 0 | |a 1998 |
| 610 | 2 | 0 | |a ochrana údajov osobných |
| 100 | 1 | |a Krajčovič, Juraj | |
| 700 | 1 | |a Husár, Pavol | |